000 00948cam a2200289 a 4500
001 12222059
005 20230605145307.0
008 000825s1999 gh a 000 0 eng
010 _a 00284073
020 _a9988584385
035 _a(DLC) 00284073
040 _aDLC
_cDLC
_dDLC
042 _alcode
043 _af-gh---
050 0 0 _aJQ3033
_b.A94 1999
082 0 0 _a328.667
_bAYE
100 1 _aAyensu, K. B.,
_d1921-1997.
245 1 4 _aThe evolution of parliament in Ghana /
_cK.B. Ayensu and S.N. Darkwa.
260 _aChristiansborg, Accra, Ghana :
_bInstitute of Economic Affairs,
_c1999.
300 _axv, 184 p. :
_bill. (some col.) ;
_c23 cm.
500 _aErrata slip inserted.
610 1 0 _aGhana.
_bParliament
_xHistory.
700 1 _aDarkwa, S. N.
_q(Samuel Ntim),
_d1935-
906 _a7
_bcbc
_corigode
_d3
_encip
_f20
_gy-gencatlg
942 _2ddc
_cBK
999 _c457
_d457